Comentarios al Cd̤igo Civil y compilaciones forales

Bibliographic Details
Other Authors: Albaladejo Garca̕, Manuel (Conductor)
Format: Unknown
Language:Spanish
Published: Madrid : EDERSA, 2000.
Subjects:
Online Access:Acceso restringido

MARC

LEADER 00000ny a22000003n 4500
005 2011062303263.0
008 050421s2000 sp s 000 0 spa c
020 |a 8471302160 
035 |a 483 
040 |a UMA.DER  |d vLex 
040 |a UMA.RE  |d vLex 
080 |a 34(460) 
080 |a 347(460) 
090 |c 2132  |d 2132 
245 0 0 |a Comentarios al Cd̤igo Civil y compilaciones forales  |h [Recurso electrn̤ico]  |c dirigidos por Manuel Albaladejo  
256 |a Servicio en ln̕ea. 
260 |a Madrid :  |b EDERSA,  |c 2000. 
300 |a p. ;  |c 22 cm 
505 0 |t Tomo VII, Vol. 8, Artc̕ulos 138 a 197 de la Ley Hipotecaria / 
506 1 |a Contenido solo disponible en los productos indicados  |d vLex Global  |d vLex Global (Academic Edition, excluding Law Schools)  |d vLex Global (U.S. Academic Edition, Law Schools)  |d vLex Global (U.S. Academic Edition, excluding Law Schools)  |d vLex Global (Academic Edition, Law Schools) 
650 0 7 |2 Tesauro vLex  |a Civil 
650 0 7 |2 Tesauro vLex  |a Cd̤igo civil 
650 0 7 |2 Tesauro vLex  |a Hipoteca 
650 0 7 |2 Tesauro vLex  |a Inmobiliario y registral 
650 0 7 |2 Tesauro vLex  |a Derecho hipotecario 
700 |a Albaladejo Garca̕, Manuel,  |e dir 
740 0 |a vLex Libros (Servicios en ln̕ea) 
856 4 0 |z Acceso restringido  |u http://vlex.com/source/483 
942 |c BOOK